000 00567nam a2200205Ia 4500
005 20250508151755.0
008 008 250505s9999 xx 000 0 hin d
037 _aTextual
040 _aFEDL
_beng
_cFEDL
041 _ahin
_2hin
084 _a301.42, SHA
_qFEDL
100 _aSharma Kailash Nath
_9759949
245 0 _aParivatik samajshastra
260 _aAllahabad, India
_bKitab Mahal
_c1956
300 _a255p
650 _aSociology
700 _a Tripati Shambhu Ratn
_9759950
942 _cTEXL
_h301.42, SHA
999 _c1332073
_d1332073